[Event "Madrid-ch"]
[Site "Madrid"]
[Date "2017.06.06"]
[Round "2"]
[White "Serrano Garcia, Vicente"]
[Black "Martin Duque, Jesus"]
[Result "0-1"]
[WhiteElo "1841"]
[BlackElo "2342"]
[PlyCount "60"]
[EventDate "2017.06.05"]
[EventType "swiss"]
[EventRounds "7"]
[EventCountry "ESP"]
[SourceTitle "CBM 179 Extra"]
[Source "ChessBase"]
[SourceDate "2017.08.23"]
[SourceVersion "1"]
[SourceVersionDate "2017.08.23"]
[SourceQuality "1"]

1. d4 Nf6 2. Nf3 e6 3. Bg5 h6 4. Bh4 g5 5. Bg3 Ne4 6. e3 d6 7. Nbd2 Nxg3 8. hxg3 Bg7 9. Bd3 Nd7 10. Qe2 Qe7 11. c3 a6 12. a4 b6 13. Be4 Ra7 14. c4 c5 15. Nb3 Bb7 16. Bxb7 Rxb7 17. Rd1 0-0 18. e4 cxd4 19. Nbxd4 Rc8 20. 0-0 Rbc7 21. b3 Nc5 22. Qe3 Qf6 23. g4 Qf4 24. Rfe1 Qxg4 25. e5 dxe5 26. Nxe5 Qf4 27. Qe2 Qxe5 28. Qxe5 Bxe5 29. Rxe5 Rd7 30. Re2 Nxb3 0-1

[Event "Madrid-ch Seniors"]
[Site "Madrid"]
[Date "2016.01.19"]
[Round "7"]
[White "Serrano Garcia, Vicente"]
[Black "Salgado Duarte, Pablo"]
[Result "1-0"]
[WhiteElo "1802"]
[BlackElo "1518"]
[PlyCount "85"]
[EventDate "2016.01.11"]
[EventType "swiss"]
[EventRounds "9"]
[EventCountry "ESP"]
[SourceTitle "EXT 2017"]
[Source "ChessBase"]
[SourceDate "2016.10.25"]
[SourceVersion "1"]
[SourceVersionDate "2016.10.25"]
[SourceQuality "1"]

1. d4 d5 2. Nf3 Nf6 3. Bg5 e6 4. e3 Be7 5. Bd3 Nc6 6. c3 h6 7. Bh4 Bd7 8. Nbd2 0-0 9. Ne5 a6 10. a4 Be8 11. 0-0 Nxe5 12. dxe5 Nd7 13. Bxe7 Qxe7 14. f4 Nc5 15. Bc2 b5 16. a5 Nb7 17. Qg4 f5 18. exf6 Qxf6 19. Nf3 Nd6 20. Nd4 Bd7 21. Rae1 Rad8 22. Qg3 Nc4 23. b4 Rc8 24. e4 dxe4 25. Bxe4 Nd2 26. Rf2 Nxe4 27. Rxe4 c5 28. bxc5 Rxc5 29. Qe3 Rh5 30. Nxe6 Rc8 31. Nd4 Rc4 32. Re8+ Kf7 33. Rb8 Rhc5 34. Rb7 Qd6 35. Rb6 Qd5 36. Re2 Rxc3 37. Qe7+ Kg8 38. Rd6 Rc1+ 39. Kf2 Qh5 40. Rxd7 Qg4 41. Rd8+ Kh7 42. Qe4+ Qg6 43. Rh8+ 1-0